Easy Life Discography - Statistics

General Stats
  • This quiz has been taken 20 times
  • The average score is 30 of 57
Answer Stats
Album Song % Correct
frank frank
93%
MAYBE IN ANOTHER LIFE BEESWAX
86%
frank ojpl
86%
creature habits mixtape pockets - mixtape version
86%
junk food sangria
79%
life's a beach skeletons
79%
MAYBE IN ANOTHER LIFE DEAR MISS HOLLOWAY
71%
houseplants houseplants
71%
life's a beach nightmares
71%
who gives a f**k? nightmares
71%
MAYBE IN ANOTHER LIFE OTT
71%
MAYBE IN ANOTHER LIFE ANTIFREEZE
64%
life's a beach daydreams
64%
MAYBE IN ANOTHER LIFE MAYBE IN ANOTHER LIFE
64%
life's a beach ocean view
64%
junk food earth
57%
life's a beach have a great day
57%
life's a beach lifeboat
57%
see you later maybe never peanut butter
57%
see you later maybe never petty crime
57%
who gives a f**k? pop tarts
57%
junk food spiders
57%
temporary love temporary love part 1
57%
temporary love temporary love part 2
57%
junk food 7 magpies
50%
MAYBE IN ANOTHER LIFE CROCODILE TEARS
50%
junk food dead celebrities
50%
creature habits mixtape ice cream
50%
MAYBE IN ANOTHER LIFE MORAL SUPPORT
50%
junk food nice guys
50%
Single palmtreedays_1644.wav
50%
spaceships mixtape sunday
50%
spaceships mixtape afters
43%
life's a beach a message to myself
43%
MAYBE IN ANOTHER LIFE BASEMENT
43%
spaceships mixtape basics
43%
MAYBE IN ANOTHER LIFE CALLING IN SICK
43%
life's a beach compliments
43%
life's a beach homesickness
43%
life's a beach life's a beach (interlude)
43%
life's a beach living strange
43%
life's a beach music to walk home to
43%
creature habits mixtape silverado
43%
creature habits mixtape slow motion
43%
houseplants spaghetti hoops
43%
spaceships mixtape wet weekend
43%
creature habits mixtape 0520
36%
MAYBE IN ANOTHER LIFE BUBBLE WRAP
36%
MAYBE IN ANOTHER LIFE BUGGIN
36%
MAYBE IN ANOTHER LIFE FORTUNE COOKIE
36%
MAYBE IN ANOTHER LIFE GROWING PAINS
36%
spaceships mixtape jealousy
29%
junk food ls6
29%
creature habits mixtape lust
29%
spaceships mixtape mercury retrograde
29%
MAYBE IN ANOTHER LIFE SILVER LININGS
29%
MAYBE IN ANOTHER LIFE MEMORY LOSS
21%
No matching quizzes found
Score Distribution
Percent of People with Each Score
Percentile by Number Answered
Your Score History
You have not taken this quiz